| 000 | 00430nam a2200157Ia 4500 | ||
|---|---|---|---|
| 008 | 130318s9999 xx 000 0 und d | ||
| 020 | _a9788177584240 | ||
| 082 | _a511.1 GRI/D | ||
| 100 | _aGrimaldi, Ralph P | ||
| 245 | _aDiscrete and combinatorial Mathematics: An applied introduction | ||
| 250 | _a5 | ||
| 260 |
_bPearson Education _aChennai _c2007 |
||
| 300 | _a1026 | ||
| 650 | _aDISCRETE MATHEMATICS | ||
| 700 | _aRamana, BV | ||
| 999 |
_c1804 _d1804 |
||